| 000 | 00582nam a22002057a 4500 | ||
|---|---|---|---|
| 003 | OSt | ||
| 005 | 20170323180915.0 | ||
| 008 | 170323b xxu||||| |||| 00| 0 eng d | ||
| 020 | _a9780857110541 | ||
| 040 | _cDMLN | ||
| 082 | _aQV600 A07c 2013 | ||
| 100 |
_aEdited by Adam, Negrus; Gail A.A. Cooper _911938 |
||
| 245 | _aClarke's Analytical Forensic Toxicology | ||
| 250 | _a2nd ed. | ||
| 260 | _aLondon; Pharmaceutical Press, 2013 | ||
| 300 | _axxi,634p; col.ill: 25cm | ||
| 504 | _aReferences, & index included | ||
| 650 |
_aForensic Toxicology _911939 |
||
| 942 |
_2z _cSLOAN |
||
| 999 |
_c5734 _d5734 |
||